Las doctrinas fundamentales reinantes sobre el delito y la pena, en sus interiores contradicciones (Record no. 163695)

MARC details
000 -LEADER
campo de control de longitud fija 01203nam a2200253 4500
001 - NÚMERO DE CONTROL
campo de control 163695
003 - IDENTIFICADOR DE NÚMERO DE CONTROL
campo de control ES-MaACL
005 - FECHA Y HORA DE LA ÚLTIMA TRANSACCIÓN
campo de control 20230906212806.0
008 - DATOS DE LONGITUD FIJA--INFORMACIÓN GENERAL
campo de control de longitud fija 950306s1870 sp |||| | spa d
040 ## - FUENTE DE CATALOGACIÓN
Centro catalogador/agencia de origen EUS
Lengua de catalogación spa
Centro/agencia transcriptor EUS
080 ## - NÚMERO DE LA CLASIFICACIÓN DECIMAL UNIVERSAL
Número de la Clasificación Decimal Universal 343.24
080 ## - NÚMERO DE LA CLASIFICACIÓN DECIMAL UNIVERSAL
Número de la Clasificación Decimal Universal 343.3/.7
100 1# - ENTRADA PRINCIPAL--NOMBRE DE PERSONA
Nombre de persona Röder, Karl David August.
9 (RLIN) 132237
245 14 - MENCIÓN DEL TÍTULO
Título Las doctrinas fundamentales reinantes sobre el delito y la pena, en sus interiores contradicciones
Resto del título : ensayo crítico preparatorio para la renovación del derecho penal /
Mención de responsabilidad, etc. por Carlos David Augusto Röder.
260 ## - PUBLICACIÓN, DISTRIBUCIÓN, ETC.
Lugar de publicación, distribución, etc. Madrid :
Nombre del editor, distribuidor, etc. [s.n.],
Fecha de publicación, distribución, etc. 1870 (
Fabricante Imprenta de la Revista de Legislación, a cargo de J. Morales)
300 ## - DESCRIPCIÓN FÍSICA
Extensión 174 p. ;
Dimensiones 23 cm.
490 1# - MENCIÓN DE SERIE
Mención de serie Biblioteca jurídica de la Revista General de Legislación y Jurisprudencia
500 ## - NOTA GENERAL
Nota general Publicado en la Revista General de Legislación y Jurisprudencia.
650 04 - PUNTO DE ACCESO ADICIONAL DE MATERIA--TÉRMINO DE MATERIA
Término de materia o nombre geográfico como elemento de entrada Penas.
9 (RLIN) 15916
650 #4 - PUNTO DE ACCESO ADICIONAL DE MATERIA--TÉRMINO DE MATERIA
Término de materia o nombre geográfico como elemento de entrada Teoría jurídica del delito.
9 (RLIN) 145060
830 0# - PUNTO DE ACCESO ADICIONAL DE SERIE-TÍTULO UNIFORME
Título uniforme Biblioteca jurídica de la Revista General de Legislación y Jurisprudencia
9 (RLIN) 182502
852 ## - LOCALIZACIÓN
Ubicación ES-MaACL
Nota libre D-4830(3)
-- -- Enc. hol., falto de la cub. original
Encuadernación -- Edic.: añadir T650 Delitos y faltas T650 Derecho penal
Holdings
Estatus retirado Estado de pérdida Estado de daño No para préstamo Colección Biblioteca de origen Biblioteca actual Ubicación en estantería Fecha de adquisición Fuente de adquisición Total de préstamos Signatura topográfica completa Código de barras Visto por última vez Precio de reemplazo Tipo de ítem Koha
        Libros del s. XIX Biblioteca del Ateneo de Madrid Biblioteca del Ateneo de Madrid Sala Valle Inclán 17/01/2008     D-4830(3) 901171540 23/02/2023 23/02/2023 Libro impreso antiguo